| 000 | 00538 a2200205 4500 | ||
|---|---|---|---|
| 005 | 20260218112130.0 | ||
| 008 | 260218b |||||||| |||| 00| 0 eng d | ||
| 020 |
_a9781009633017 _cRs. 895.00 |
||
| 040 | _aMAIN | ||
| 082 |
_a537.6 _bG875I(5) |
||
| 100 | _aGriffiths, David J | ||
| 245 | _aIntroduction to electrodynamics | ||
| 250 | _a5th | ||
| 260 |
_bCambridge University Press _c2025 _aNew Delhi |
||
| 300 | _axix, 602 | ||
| 650 | _aElectrodynamics | ||
| 650 | _aElectric Fields | ||
| 650 | _aMagnetic Fields | ||
| 942 | _cBK | ||
| 999 |
_c396382 _d396382 |
||